Government and technical innovation
Gardado en:
| Formato: | Libro |
|---|---|
| Idioma: | Undetermined |
| Publicado: |
Paris
Orgaisation for Economic Co-operation and Development
1961
|
| Những chủ đề: | |
| Các nhãn: |
Engadir etiqueta
Sen Etiquetas, Sexa o primeiro en etiquetar este rexistro!
|
| Thư viện lưu trữ: | Trung tâm Học liệu Trường Đại học Cần Thơ |
|---|
| LEADER | 00436nam a2200145Ia 4500 | ||
|---|---|---|---|
| 001 | CTU_78572 | ||
| 008 | 210402s9999 xx 000 0 und d | ||
| 082 | |a 338.9 | ||
| 082 | |b G721 | ||
| 245 | 0 | |a Government and technical innovation | |
| 260 | |a Paris | ||
| 260 | |b Orgaisation for Economic Co-operation and Development | ||
| 260 | |c 1961 | ||
| 650 | |a Economics,Science and state | ||
| 980 | |a Trung tâm Học liệu Trường Đại học Cần Thơ | ||